00705nam a22002057a 450000500170000001000140001702000230003103500130005403700130006708200150008010000250009524501360012026000400025627000740029630000270037050000500039765000110044765000120045870000290047020100806131221.0 aENG-98725 a8178271715c900.00 aEN-82257 bDBAD/PUB a297.092254 aHussin, Meher Fatima aCelebrating india :breflections on eminent indian muslims /cby Meher Fatima Hussain; foreword bySabyasachi Bhattacharya 1857-2007 aNew DelhibManak Publicationsc2009 aB-7, Saraswati Complex, Subhash Chowk,Laxmi Nagar,bNew Delhie110092 a208p.:c28cm (Hb)bill aIncludes bibliographical references and index aIndia  aMuslims aBhattacharya, Sabyasachi